| 000 | 00624nam a2200193 a 4500 | ||
|---|---|---|---|
| 001 | 000010607 | ||
| 005 | 20240412074220.0 | ||
| 008 | 091008s1982 dr r 001 0 spa d | ||
| 040 |
_aDO-SdBNP _bspa _cBNPHU |
||
| 082 |
_aRD861.44 _bO81c, 1982 |
||
| 100 | 1 |
_aOscar, Armando _924269 |
|
| 245 | 1 | 0 |
_aCabezas de estudio : _bretratos desdibujados / _cArmando Oscar. |
| 260 |
_aSanto Domingo : _bUNPHU : _bAteneo Dominicano, _c1982. |
||
| 300 |
_a220 p. ; _c21 cm. |
||
| 590 | _aInventariado, 2018/LP | ||
| 650 | 0 |
_aPoesÃa dominicana _966 |
|
| 650 | 0 |
_aLiteratura dominicana. _967 |
|
| 910 | _aValidado. Control de calidad. MMOLINA | ||
| 999 |
_c10365 _d10365 |
||